Requirements engineering : processes and techniques
Αποθηκεύτηκε σε:
| Κύριος συγγραφέας: | |
|---|---|
| Άλλοι συγγραφείς: | |
| Μορφή: | Βιβλίο |
| Γλώσσα: | English |
| Δημοσίευση: |
Chichester :
John Wiley & Sons,
c1998.
|
| Σειρά: | Worldwide series in computer science
|
| Θέματα: | |
| Ετικέτες: |
Προσθήκη ετικέτας
Δεν υπάρχουν, Καταχωρήστε ετικέτα πρώτοι!
|
MARC
| LEADER | 00000cam a2200000 i 4500 | ||
|---|---|---|---|
| 001 | 1/19268 | ||
| 008 | 010409s1998 enk| ||| |||| ||eng|| | ||
| 020 | |a 0471972088 | ||
| 035 | |l 10066791 | ||
| 040 | |a GR-MyUa |b gre |e AACR2 | ||
| 041 | 0 | |a eng | |
| 082 | 7 | |a 005.1 |2 (22) | |
| 100 | 1 | |a Kotonya, Gerald. | |
| 245 | 1 | 0 | |a Requirements engineering : |b processes and techniques / |c Gerald Kotonya and Ian Sommerville. |
| 260 | |a Chichester : |b John Wiley & Sons, |c c1998. | ||
| 300 | |a xi, 282 σ. : |b εικ. ; |c 24 εκ. | ||
| 490 | 1 | |a (Worldwide series in computer science) | |
| 504 | |a Περιλαμβάνει βιβλιογραφίες και ευρετήριο. | ||
| 650 | 0 | |a Software engineering. | |
| 700 | 1 | |a Sommerville, Ian, |d 1951- | |
| 830 | 0 | |a Worldwide series in computer science | |
| 852 | |a INST |b SAMOS |e 20010409 |h 005.1 KOT |p 005300021068 |q 005300021068 |t BK |y 0 | ||
| 852 | |a INST |b SAMOS |e 20010409 |h 005.1 KOT |p 005300021069 |q 005300021069 |t BK |y 0 | ||
| 852 | |a INST |b SAMOS |e 20010409 |h 005.1 KOT |p 005300021070 |q 005300021070 |t BK |y 23 | ||
| 852 | |a INST |b SAMOS |e 20010409 |h 005.1 KOT |p 005300021071 |q 005300021071 |t BK |y 0 | ||
| 852 | |a INST |b SAMOS |e 20010409 |h 005.1 KOT |p 005300021072 |q 005300021072 |t BK |y 0 | ||
| 852 | |a INST |b SAMOS |e 20010409 |h 005.1 KOT |p 005300021073 |q 005300021073 |t BK |y 0 | ||
| 852 | |a INST |b SYROS |e 20080206 |h 005.1 KOT |p 005500006584 |q 005500006584 |t BK |y 0 | ||
| 901 | |a BIBL5-2008-1 | ||
| 901 | |a BIBL3-2001-1 | ||
| 922 | |a 5ΕΛΗ |b 200709 |c Βιβλιοθήκη Σύρου |d GLORYBOOK | ||
| 922 | |a 3ΕΛΗ |b 200008 |c ΤΠΕΣ/ΠΟΛ2 |d LEADER | ||
| 970 | |a Μαλαγάρη |b Φωτεινή |z 09/04/2001 | ||